| 000 | 01321nam2a22002891 4500 | ||
|---|---|---|---|
| 001 | v19\rc\1333742 | ||
| 005 | 20250618070435.0 | ||
| 035 | _a(NLR Aleph) 004484081 | ||
| 090 |
_a4618945 _c4618945 |
||
| 100 | _a20060512d1851 |||y0rusy50 ca | ||
| 101 | 0 | _arus | |
| 102 | _aRU | ||
| 105 | _ay z ||||| | ||
| 200 | 0 | _a... за первое полугодие | |
| 210 |
_d1851 _aБ. м. |
||
| 215 | _a11 с. | ||
| 461 | 0 |
_1001v19\rc\1333741 _12001#$aОтчет Отделения русской и славянской археологии Историко-археологического общества...$v... за первое полугодие$90 _94618941 _aРусское археологическое общество. Отделение русской и славянской археологии _cСанкт-Петербург _d1851 _tОтчет Отделения русской и славянской археологии Историко-археологического общества... _v... за первое полугодие$90 |
|
| 801 | 0 |
_aRU _bNLR _gpsbo |
|
| 801 | 0 |
_aRU _bRuMoRGB _2psbo |
|
| 801 | 1 |
_aRU _bProSoft-M _2rusmarc |
|
| 852 |
_aNLR _j18.7.3.202 |
||
| 899 |
_aRuMoRGB _jF 73/19 |
||
| 899 |
_aRuMoRGB _jF 75/577 |
||
| 899 | _aБАН | ||
| 899 | _aГПИБ | ||
| 942 | _cBOOK | ||
| 980 | _aNB | ||